000 00821nam a2200181Ia 4500
008 100921s9999 xx 000 0 und d
082 _b30185
_a891.468 थ 98
100 _aटिकेकर अरूण.
245 _aलेले आणि मी -दोन निवृत्तांचा संवाद.
260 _bश्रीविद्या प्रकाशन, पुणे.
_c1998
300 _a296
_bश्रीविद्या,पुणे
365 _b200
520 _aललित-संकीर्ण.
630 _aलेले आणि मी -दोन निवृत्तांचा संवाद.
650 _aललित-संकीर्ण.
730 _aलेले आणि मी -दोन निवृत्तांचा संवाद.
942 _cBOOK
999 _c779298
_d779295